[Event "Bassano del Grappa Easter op-A 2nd"]
[Site "Bassano del Grappa"]
[Date "2022.04.15"]
[Round "4"]
[White "Budyi, Danylo"]
[Black "Walter, Thomas"]
[Result "1/2-1/2"]
[WhiteElo "1817"]
[BlackElo "2127"]
[PlyCount "63"]
[EventDate "2022.04.14"]
[EventType "swiss"]
[EventRounds "9"]
[EventCountry "ITA"]
[SourceTitle "EXT 2024"]
[Source "ChessBase"]
[SourceDate "2023.10.10"]
[SourceVersion "1"]
[SourceVersionDate "2023.10.10"]
[SourceQuality "1"]

1. d4 b5 2. e4 Bb7 3. f3 a6 4. Be3 g6 5. c4 Bg7 6. cxb5 axb5 7. Bxb5 c5 8. Ne2 Nc6 9. Bxc6 Bxc6 10. Nbc3 c4 11. d5 Bb7 12. 0-0 d6 13. Qd2 h5 14. Rfc1 Nf6 15. Nb5 Ba6 16. Ned4 Qb8 17. a4 Nd7 18. Rxc4 Bxb5 19. Nxb5 0-0 20. Nd4 Nc5 21. Nc6 Qb7 22. Bxc5 dxc5 23. Rxc5 Bxb2 24. Rd1 Rxa4 25. Rc2 Bg7 26. Qd3 Rfa8 27. Rdc1 Ra3 28. Qc4 Bh6 29. Re1 Ra1 30. Rce2 R8a4 31. Qc5 R4a2 32. Qf2 1/2-1/2

[Event "Bassano del Grappa Easter op-A 2nd"]
[Site "Bassano del Grappa"]
[Date "2022.04.14"]
[Round "2"]
[White "Fier, Alexandr"]
[Black "Walter, Thomas"]
[Result "1-0"]
[WhiteElo "2573"]
[BlackElo "2127"]
[PlyCount "67"]
[EventDate "2022.04.14"]
[EventType "swiss"]
[EventRounds "9"]
[EventCountry "ITA"]
[SourceTitle "EXT 2024"]
[Source "ChessBase"]
[SourceDate "2023.10.10"]
[SourceVersion "1"]
[SourceVersionDate "2023.10.10"]
[SourceQuality "1"]

1. e4 c5 2. Nf3 g6 3. c3 Bg7 4. d4 cxd4 5. cxd4 d5 6. e5 Bg4 7. Bb5+ Nc6 8. Bxc6+ bxc6 9. Nbd2 h5 10. 0-0 Nh6 11. h3 Bxf3 12. Nxf3 Nf5 13. b3 e6 14. Bg5 Qb6 15. Rc1 Bh6 16. Bxh6 Nxh6 17. Rc5 Nf5 18. Qd2 Kd7 19. Rfc1 Rac8 20. b4 h4 21. Ng5 Ke7 22. b5 Rc7 23. Qb4 Rhc8 24. Rxc6+ Ke8 25. Nh7 Ne7 26. Nf6+ Kf8 27. Nd7+ Rxd7 28. Rxc8+ Kg7 29. Re8 Rc7 30. Rxc7 Qxc7 31. Qc5 Qa5 32. Qxe7 Qe1+ 33. Kh2 Qxe5+ 34. dxe5 1-0

[Event "DSOL 06 Liga Gr-A 1st"]
[Site "Playchess.com INT"]
[Date "2020.07.29"]
[Round "6.1"]
[White "Walter, Thomas"]
[Black "Zhou, Lepu Coco"]
[Result "1-0"]
[WhiteElo "2071"]
[BlackElo "1868"]
[PlyCount "107"]
[EventDate "2020.06.22"]
[EventType "team-tourn (rapid)"]
[EventCountry "GER"]
[SourceTitle "EXT 2021"]
[Source "ChessBase"]
[SourceDate "2020.10.23"]
[SourceVersion "1"]
[SourceVersionDate "2020.10.23"]
[SourceQuality "1"]
[WhiteTeam "Tegernsee II"]
[BlackTeam "Weisse Dame II"]
[WhiteTeamCountry "GER"]
[BlackTeamCountry "GER"]

1. e4 e5 2. Nf3 Nc6 3. d4 exd4 4. Nxd4 Nf6 5. Nxc6 bxc6 6. e5 Qe7 7. Qe2 Nd5 8. h4 f6 9. c4 Nb6 10. exf6 Qxe2+ 11. Bxe2 d5 12. cxd5 Nxd5 13. fxg7 Bxg7 14. Bh5+ Kf8 15. 0-0 Bf5 16. Re1 Nb4 17. Na3 Nd3 18. Re2 Bg6 19. Bf3 Re8 20. Nc4 Kf7 21. Be3 Nb4 22. Rd1 Bd3 23. Rxd3 Nxd3 24. Bh5+ Ke6 25. Bh6+ Kd5 26. Bxg7 Rxe2 27. Bxe2 Rg8 28. Ne3+ Ke4 29. Bf3+ Kf4 30. Bh6+ Ke5 31. Nc4+ Kd4 32. b3 c5 33. Bg5 Kc3 34. Bd1 Rf8 35. Bd2+ Kd4 36. Be3+ Kc3 37. g4 Rd8 38. Bg5 Rf8 39. f3 Nf4 40. a3 Nh3+ 41. Kg2 Nxg5 42. hxg5 Rd8 43. Be2 Kxb3 44. f4 Re8 45. Kf3 Kc3 46. f5 Kd4 47. f6 Rf8 48. Kf4 Re8 49. f7 Rd8 50. Ne5 Kd5 51. Kf5 Kd6 52. Kf6 Rb8 53. Bb5 Rf8 54. g6 1-0

[Event "Innsbruck op 3rd"]
[Site "Innsbruck"]
[Date "2019.08.28"]
[Round "5"]
[White "Casadio, Niccolo"]
[Black "Walter, Thomas"]
[Result "0-1"]
[WhiteElo "1955"]
[BlackElo "2091"]
[PlyCount "70"]
[EventDate "2019.08.25"]
[EventType "swiss"]
[EventRounds "9"]
[EventCountry "AUT"]
[SourceTitle "EXT 2020"]
[Source "ChessBase"]
[SourceDate "2019.10.17"]
[SourceVersion "1"]
[SourceVersionDate "2019.10.17"]
[SourceQuality "1"]

1. d4 f5 2. Bg5 b6 3. h4 h6 4. Bf4 Nf6 5. Nf3 d6 6. e3 g6 7. c4 Bg7 8. Nc3 e6 9. Qd2 Qe7 10. 0-0-0 Bb7 11. Bd3 Nbd7 12. Rhe1 Ne4 13. Bxe4 fxe4 14. Ng1 Qxh4 15. Nb5 0-0-0 16. Nxa7+ Kb8 17. Nb5 e5 18. Bg3 Qg5 19. Ne2 exd4 20. Nexd4 Nc5 21. Rh1 Qf6 22. Qb4 Rd7 23. Kb1 Rhd8 24. Qa3 Nd3 25. Rd2 Qf7 26. Rc2 g5 27. Rc3 h5 28. Rf1 h4 29. Bh2 g4 30. Qa7+ Kc8 31. Qa4 Bxd4 32. Nxd4 g3 33. Bxg3 hxg3 34. Ra3 Rf8 35. Nc6 Qxf2 0-1

[Event "Innsbruck op 3rd"]
[Site "Innsbruck"]
[Date "2019.08.27"]
[Round "4"]
[White "Walter, Thomas"]
[Black "Nussbaumer, Vincent"]
[Result "1/2-1/2"]
[WhiteElo "2091"]
[BlackElo "1979"]
[PlyCount "112"]
[EventDate "2019.08.25"]
[EventType "swiss"]
[EventRounds "9"]
[EventCountry "AUT"]
[SourceTitle "EXT 2020"]
[Source "ChessBase"]
[SourceDate "2019.10.17"]
[SourceVersion "1"]
[SourceVersionDate "2019.10.17"]
[SourceQuality "1"]

1. e4 c5 2. c4 Nc6 3. Nc3 g6 4. g3 Bg7 5. Bg2 d6 6. Nge2 e6 7. 0-0 Nge7 8. d3 0-0 9. f4 Nd4 10. Rb1 Nec6 11. a3 Rb8 12. b4 cxb4 13. axb4 b5 14. Be3 Nxe2+ 15. Nxe2 bxc4 16. b5 Na5 17. Bxa7 Rb7 18. Be3 d5 19. Bc5 Re8 20. exd5 exd5 21. dxc4 Nxc4 22. Re1 Ne3 23. Bxe3 Rxe3 24. Qxd5 Qe7 25. Qc4 Rc7 26. Bc6 Be6 27. Qb4 Qxb4 28. Rxb4 Bc3 29. Nxc3 Rxe1+ 30. Kf2 Rc1 31. Ne4 Rc8 32. Ke3 Rb8 33. Rd4 Kg7 34. Ra4 Bh3 35. Ra7 Be6 36. h4 h6 37. Kd2 Rg1 38. Kc3 Rc1+ 39. Kd2 Rg1 40. Ke3 Bc4 41. Nd6 Rxg3+ 42. Ke4 Be6 43. h5 Rg4 44. Ne8+ Kf8 45. Nf6 Rg1 46. hxg6 Rxg6 47. Ke5 Rg1 48. b6 Re1+ 49. Be4 Rxe4+ 50. Nxe4 Rxb6 51. Ng3 Kg7 52. f5 Rb5+ 53. Kf4 Rb4+ 54. Ke5 Rb5+ 55. Kf4 Rb4+ 56. Ke5 Rb5+ 1/2-1/2

[Event "Karlsruhe Grenke op"]
[Site "Karlsruhe"]
[Date "2019.04.18"]
[Round "1"]
[White "Walter, Thomas"]
[Black "Benkovic, Petar"]
[Result "1/2-1/2"]
[WhiteElo "2096"]
[BlackElo "2405"]
[PlyCount "57"]
[EventDate "2019.04.18"]
[EventType "swiss"]
[EventRounds "9"]
[EventCountry "GER"]
[SourceTitle "CBM 189 Extra"]
[Source "ChessBase"]
[SourceDate "2019.06.03"]
[SourceVersion "1"]
[SourceVersionDate "2019.06.03"]
[SourceQuality "1"]

1. e4 c5 2. Nf3 e6 3. d4 cxd4 4. Nxd4 a6 5. Nc3 b5 6. Qf3 Bb7 7. Bd3 d6 8. 0-0 Nf6 9. Bg5 Nbd7 10. Qh3 Be7 11. Rae1 Nc5 12. Nd5 Nxd3 13. Bxf6 Nf4 14. Nxf4 Bxf6 15. Nb3 Bxb2 16. c3 Qf6 17. Nh5 Qxc3 18. Re3 Qc2 19. Na5 Rb8 20. e5 Bxe5 21. Nxg7+ Bxg7 22. Rxe6+ fxe6 23. Qxe6+ Kf8 24. Qxd6+ Kf7 25. Qd7+ Kg6 26. Qg4+ Kf7 27. Qd7+ Kg6 28. Qg4+ Kf7 29. Qd7+ 1/2-1/2

[Event "Mittelfranken-ch HT 67th"]
[Site "Nuremberg"]
[Date "2018.03.30"]
[Round "8"]
[White "Boehme, Sebastian1111"]
[Black "Walter, Thomas"]
[Result "0-1"]
[WhiteElo "2036"]
[BlackElo "2091"]
[PlyCount "112"]
[EventDate "2018.03.27"]
[EventType "swiss"]
[EventRounds "9"]
[EventCountry "GER"]
[SourceTitle "EXT 2020"]
[Source "ChessBase"]
[SourceDate "2019.10.17"]
[SourceVersion "1"]
[SourceVersionDate "2019.10.17"]
[SourceQuality "1"]

1. e4 e6 2. d4 d5 3. Nc3 Bb4 4. exd5 exd5 5. Bd3 Nc6 6. a3 Bxc3+ 7. bxc3 Nge7 8. Qf3 Be6 9. Rb1 Na5 10. Nh3 Qd7 11. Ng5 0-0-0 12. Nxe6 fxe6 13. 0-0 Rdf8 14. Qe2 Nf5 15. Re1 Rf6 16. Bxf5 exf5 17. Qe7 Rf7 18. Qxd7+ Rxd7 19. Re5 g6 20. a4 Nc4 21. Re6 b6 22. Bf4 a5 23. h4 Rg8 24. Be5 Rf7 25. f4 Kd7 26. Rf6 Nxe5 27. fxe5 Rxf6 28. exf6 Rf8 29. Kf2 Rxf6 30. Kf3 Rc6 31. Rb3 Ke6 32. Ke3 Rc4 33. Ra3 Kf6 34. g3 h6 35. Kf3 g5 36. hxg5+ Kxg5 37. Kg2 Kg4 38. Kf2 h5 39. Kg2 f4 40. gxf4 Kxf4 41. Kf2 h4 42. Ke2 h3 43. Kd2 h2 44. Ra1 Kg3 45. Re1 Rxa4 46. Re3+ Kg4 47. Re1 Rc4 48. Rh1 Kg3 49. Re1 Rc6 50. Re3+ Kg4 51. Re1 Rh6 52. Rh1 Kg3 53. Kd3 Kg2 54. Rxh2+ Rxh2 55. c4 Rh3+ 56. Kd2 dxc4 0-1

[Event "Mittelfranken-ch HT 67th"]
[Site "Nuremberg"]
[Date "2018.03.30"]
[Round "7"]
[White "Hetzner, Hannes"]
[Black "Walter, Thomas"]
[Result "1/2-1/2"]
[WhiteElo "1753"]
[BlackElo "2091"]
[PlyCount "36"]
[EventDate "2018.03.27"]
[EventType "swiss"]
[EventRounds "9"]
[EventCountry "GER"]
[SourceTitle "EXT 2020"]
[Source "ChessBase"]
[SourceDate "2019.10.17"]
[SourceVersion "1"]
[SourceVersionDate "2019.10.17"]
[SourceQuality "1"]

1. e4 c6 2. c4 d6 3. d4 e5 4. Nc3 Nf6 5. Nf3 Nbd7 6. Be2 Be7 7. 0-0 0-0 8. Bg5 h6 9. Bh4 Qb6 10. a3 Re8 11. h3 exd4 12. Qxd4 Qxd4 13. Nxd4 Nc5 14. Nf5 Bxf5 15. exf5 Nfe4 16. Nxe4 Bxh4 17. Nxc5 Rxe2 18. Nd3 Bf6 1/2-1/2

[Event "Regionalliga Nord-Ost 1718"]
[Site "Bayern"]
[Date "2017.11.26"]
[Round "3.2"]
[White "Walter, Thomas"]
[Black "Barth, Norbert"]
[Result "0-1"]
[WhiteElo "2026"]
[BlackElo "2240"]
[PlyCount "120"]
[EventDate "2017.10.22"]
[EventType "team-tourn"]
[EventRounds "9"]
[EventCountry "GER"]
[SourceTitle "EXT 2022"]
[Source "ChessBase"]
[SourceDate "2021.10.06"]
[SourceVersion "1"]
[SourceVersionDate "2021.10.06"]
[SourceQuality "1"]
[WhiteTeam "Erlangen SC II"]
[BlackTeam "Schwandorf"]
[WhiteTeamCountry "GER"]
[BlackTeamCountry "GER"]

1. e4 c5 2. Nf3 d6 3. d4 cxd4 4. Nxd4 Nf6 5. Nc3 Nc6 6. Be2 g6 7. Be3 Bg7 8. 0-0 0-0 9. a3 d5 10. exd5 Nxd5 11. Nxd5 Nxd4 12. Bxd4 Qxd5 13. Bxg7 Qxd1 14. Raxd1 Kxg7 15. Bf3 Bf5 16. Rfe1 Kf6 17. g4 Be6 18. Rd4 Rac8 19. c3 Rc7 20. Rf4+ Kg5 21. Rb4 b6 22. Kg2 Rd8 23. Kg3 Kf6 24. h4 h6 25. a4 Rc5 26. Re3 g5 27. Be2 Rd2 28. Bd3 gxh4+ 29. Kg2 h5 30. Bf5 Bxf5 31. gxf5 Rxf5 32. Rxh4 Rdxf2+ 33. Kg3 Rxb2 34. Rc4 Ra2 35. Rc7 h4+ 36. Kxh4 Rxa4+ 37. c4 e6 38. Kg3 Ra1 39. Rd3 Rg1+ 40. Kh2 Rg4 41. Rh3 Kg7 42. Rxa7 Rxc4 43. Rb7 Rc2+ 44. Kg1 Rb2 45. Rg3+ Kf6 46. Rc3 Rb4 47. Kh2 b5 48. Kg3 Rb1 49. Kg2 Rd1 50. Rcc7 Kg7 51. Rb6 Kg6 52. Rb8 Rdd5 53. Rg8+ Kf6 54. Rf8 Kg7 55. Rb8 Rf6 56. Kg3 Rg5+ 57. Kh4 Rg1 58. Rxb5 Rh6+ 59. Rh5 Rh1+ 60. Kg4 R6xh5 0-1

[Event "Bayern-chI Bank Hofmann 21st"]
[Site "Tegernsee"]
[Date "2017.11.01"]
[Round "5"]
[White "Walter, Thomas"]
[Black "Zajogin, Alexander"]
[Result "0-1"]
[WhiteElo "2129"]
[BlackElo "2409"]
[PlyCount "42"]
[EventDate "2017.10.28"]
[EventType "swiss"]
[EventRounds "9"]
[EventCountry "GER"]
[SourceTitle "CBM 181 Extra"]
[Source "ChessBase"]
[SourceDate "2017.12.12"]
[SourceVersion "1"]
[SourceVersionDate "2017.12.12"]
[SourceQuality "1"]

1. e4 e5 2. Nf3 Nc6 3. Bc4 Bc5 4. 0-0 Nf6 5. d4 exd4 6. e5 d5 7. exf6 dxc4 8. fxg7 Rg8 9. Re1+ Be6 10. Bg5 Be7 11. Bxe7 Qxe7 12. Nxd4 Rd8 13. c3 Nxd4 14. cxd4 Rxg7 15. Nc3 Kf8 16. d5 c6 17. Qf3 cxd5 18. Nb5 d4 19. Qf4 Qg5 20. Qxg5 Rxg5 21. Nc7 Bh3 0-1

[Event "Bayern-chI Bank Hofmann 21st"]
[Site "Tegernsee"]
[Date "2017.10.29"]
[Round "2"]
[White "Zude, Arno"]
[Black "Walter, Thomas"]
[Result "1-0"]
[WhiteElo "2370"]
[BlackElo "2129"]
[PlyCount "63"]
[EventDate "2017.10.28"]
[EventType "swiss"]
[EventRounds "9"]
[EventCountry "GER"]
[SourceTitle "CBM 181 Extra"]
[Source "ChessBase"]
[SourceDate "2017.12.12"]
[SourceVersion "1"]
[SourceVersionDate "2017.12.12"]
[SourceQuality "1"]

1. e4 e6 2. d4 d5 3. Nc3 Bb4 4. e5 c5 5. a3 Bxc3+ 6. bxc3 Qa5 7. Bd2 Qa4 8. Qg4 Kf8 9. Qd1 Nc6 10. Nf3 b6 11. Rb1 Ba6 12. Bxa6 Qxa6 13. dxc5 Qxa3 14. cxb6 axb6 15. 0-0 Rb8 16. c4 Nge7 17. cxd5 exd5 18. Be3 Qa5 19. Qd3 h6 20. h4 g6 21. h5 Kg7 22. e6 f6 23. hxg6 Ne5 24. Nxe5 fxe5 25. f4 Rhf8 26. f5 e4 27. Bd4+ Kg8 28. Qh3 Qa4 29. Be5 Nxf5 30. Rxf5 Rxf5 31. Qxf5 Rf8 32. Qf7+ 1-0

[Event "Bayern-ch"]
[Site "Rosenheim"]
[Date "2017.08.24"]
[Round "7"]
[White "Heimrath, Reiner"]
[Black "Walter, Thomas"]
[Result "1-0"]
[WhiteElo "2231"]
[BlackElo "2160"]
[PlyCount "151"]
[EventDate "2017.08.20"]
[EventType "swiss"]
[EventRounds "9"]
[EventCountry "GER"]
[SourceTitle "EXT 2019"]
[Source "ChessBase"]
[SourceDate "2018.10.10"]
[SourceVersion "1"]
[SourceVersionDate "2018.10.10"]
[SourceQuality "1"]

1. Nf3 d5 2. g3 Nf6 3. Bg2 c6 4. d3 h6 5. Nbd2 Bf5 6. c4 e6 7. Qb3 Qb6 8. Qxb6 axb6 9. 0-0 Na6 10. cxd5 exd5 11. Nb3 Bd6 12. Nfd4 Bh7 13. Bd2 0-0 14. a3 Rfe8 15. Rfe1 Nc5 16. Nxc5 Bxc5 17. Nb3 Bd6 18. Be3 b5 19. Bd4 Nd7 20. Bh3 Rad8 21. Kf1 f5 22. Rec1 Re7 23. a4 bxa4 24. Rxa4 Rde8 25. Be3 g5 26. Ra7 Nf6 27. Na5 Rb8 28. Bc5 Bxc5 29. Rxc5 Kf7 30. Rc3 g4 31. Bg2 Kf8 32. Rb3 Rbe8 33. e3 d4 34. Raxb7 Rxb7 35. Nxb7 dxe3 36. fxe3 Bg8 37. Rc3 Bd5 38. Nd6 Bxg2+ 39. Kxg2 Rxe3 40. Kf2 Nd5 41. Rxc6 Rxd3 42. Rc5 Ne7 43. Nc4 Rd1 44. b4 Rh1 45. Kg2 Rb1 46. b5 Ke8 47. Kf2 Kd8 48. Ke3 Re1+ 49. Kd4 Rd1+ 50. Ke5 Re1+ 51. Kf6 Rb1 52. Nd6 f4 53. gxf4 Rb2 54. Nf7+ Kd7 55. Nxh6 Kd6 56. Re5 Nd5+ 57. Kg5 Rxh2 58. Nf5+ Kc5 59. Ne3 Kd4 60. Rxd5+ Kxe3 61. Kxg4 Rf2 62. Re5+ Kd4 63. b6 Rb2 64. Re6 Kd5 65. f5 Rg2+ 66. Kf4 Rg7 67. Rg6 Rf7 68. Kg5 Ke5 69. Re6+ Kd5 70. Re1 Rb7 71. Rb1 Kd6 72. Kg6 Ke7 73. f6+ Kf8 74. Rh1 Rg7+ 75. fxg7+ Kg8 76. Rh8# 1-0

[Event "Bayern-chI Bank Hofmann 20th"]
[Site "Bad Wiessee"]
[Date "2016.11.03"]
[Round "6"]
[White "Schleining, Zoya"]
[Black "Walter, Thomas"]
[Result "1-0"]
[WhiteElo "2351"]
[BlackElo "2128"]
[PlyCount "89"]
[EventDate "2016.10.29"]
[EventType "swiss"]
[EventRounds "9"]
[EventCountry "GER"]
[SourceTitle "CBM 175 Extra"]
[Source "ChessBase"]
[SourceDate "2016.12.12"]
[SourceVersion "1"]
[SourceVersionDate "2016.12.12"]
[SourceQuality "1"]

1. Nf3 g6 2. e4 d5 3. exd5 Qxd5 4. Nc3 Qd6 5. Bc4 Bg7 6. Ne4 Qb4 7. Qe2 Nh6 8. c3 Qa5 9. d4 0-0 10. 0-0 Nf5 11. Re1 Nd6 12. Nxd6 exd6 13. Ng5 Qf5 14. Nxf7 d5 15. Nh6+ Bxh6 16. Bxh6 dxc4 17. Bxf8 Qxf8 18. Qxc4+ Kh8 19. Qxc7 Nd7 20. Re2 Nf6 21. Rae1 Bd7 22. Qxb7 Rb8 23. Qxa7 Ra8 24. Qc5 Qxc5 25. dxc5 Rxa2 26. h3 Kg7 27. Re7+ Kf8 28. c6 Bc8 29. Rc7 Bf5 30. Rb7 Ra8 31. Ree7 Ne4 32. Rf7+ Kg8 33. Rg7+ Kf8 34. Rxh7 Ra1+ 35. Kh2 Kg8 36. Rbg7+ Kf8 37. Ra7 Rxa7 38. Rxa7 Ke8 39. c4 Nxf2 40. Ra8+ Ke7 41. c7 Nd3 42. b3 Nc5 43. b4 Na6 44. Rxa6 Kd7 45. Ra7 1-0